00557nam a2200133Ia 4500008004100000100001500041245009100056245001500147260000900162650001300171856014700184999001900331952007300350170221s9999 xx 000 0 und d aKashif Beg aDeterminants of Financial Self Sufficiency of Andhra Pradesh Microfinance Institutions cKashif Beg c2014 xBusiness uhttp://www.omicsgroup.org/journals/determinants-of-financial-self-sufficiency-of-andhra-pradeshmicrofinance-institutions-2167-0234-1000209.pdf c309438d309438 001040aCLbCLd2017-02-21l0r2017-02-21 00:00:00w2017-02-21yFOJ